Statistics for Wars of the Roses

Click here to take the quiz!

General Stats

  • This quiz has been taken 204 times
  • The average score is 21 of 92

Answer Stats

HintAnswer% Correct
Feuding HousesYork
99%
Feuding HousesLancaster
97%
Emblem of both Houses, albeit different coloursRose
92%
Brother of Edward who declared Edward's children illegitimate and seized the throneRichard III
80%
Who took the throne after his death in 1413Henry V
72%
Who did the Earl of Warwick place back on the throneHenry VI
63%
Who took over from himHenry VI
63%
New Royal Family nameTudor
58%
Royal Family's namePlantagenet
57%
Their respective ages10
54%
How old was he [Edward III's grandson] at the time10
54%
Who did the throne then pass toRichard II
52%
Monarch who believed that he was the heir of the French throneEdward III
49%
Who truly had the powerMargaret
49%
What title did he obtainEdward IV
48%
Which war was started by Edward as a resultHundred Years War
46%
What was Henry crowned asHenry VII
45%
Whose reign sprang from the stability caused by HenryHenry VIII
45%
What title did Henry obtainHenry IV
43%
Names of Edward's children that were killedEdward V
41%
Their respective ages8
39%
Starting and ending years of the Wars of the Roses1455
35%
1485
35%
Who did he marry to reconcile the HousesElizabeth of York
34%
Famous battle that Henry won in 1415Battle of Agincourt
29%
Who paid Margaret's ransomLouis XI
28%
When did Edward suddenly die1483
27%
Who did Henry marry in 1445Margaret of Anjou
26%
Who returned from exile to confront Richard, descended from EdwardHenry Tudor
25%
When did he die of dysentery1422
24%
In which year was this invasion successful1471
24%
He was a ... (faction)Lancastrian
24%
For which conspiracy was he [most likely] responsibleThe Princes in the Tower
23%
When did the Earl of Warwick invade England1460
21%
Year of their invasion1470
21%
When was Richard imprisoned until he swore loyalty1453
19%
When did Richard and the Earl of Warwick flee the country1459
18%
Who did Richard raise an army withEarl of Warwick
18%
Edward's four sonsEdward the Black Prince
18%
What role was Richard proclaimed in his abscenceLord Protector
18%
Which year did this begin1337
17%
Where was Richard sent toIreland
17%
She then allied with the king of which nationScotland
17%
Which year was this1376
16%
Which year did Richard die in prison in1400
16%
When did his father die1377
15%
Battle where Richard was defeated and killed during the battleBattle of Bosworth Field
15%
Who did the Earl of Warwick then ally with (as well as Margaret), Edward's second brotherGeorge, Duke of Clarence
14%
How old was he at the time9 months
13%
What happened to the Duke of Somerset during the battleDied
13%
What did the Black Prince die ofDysentery
12%
One of the nobles that governed him, great-grandson of Edward IIIRichard, Duke of York
12%
Year of the coalition led against him by Thomas1388
11%
Which year was this1397
11%
Which state did the Earl consider attackingBurgundy
11%
Who did Edward flee with, youngest brotherRichard, Duke of Gloucester
11%
Battle where he pursued MargaretBattle of Towton
10%
Edward's four sonsJohn, Duke of Lancaster
10%
Battle where the Earl was killedBattle of Barnet
9%
Battle where Margaret confronted Edward, her son was killedBattle of Tewkesbury
9%
Battle where Richard and his second eldest son, Edmund, diedBattle of Wakefield
9%
Edward's four sonsEdmund, Duke of York
9%
Through whom did he cite his ancestral claimHis mother
9%
Towns claimed by the invadersLondon
9%
Who did Margaret want to be king, her sonEdward, Prince of Wales
8%
What was the Battle calledFirst Battle of St. Albans
8%
Who was proclaimed the King after Margaret went to ScotlandEdward, Duke of York
7%
Monarch of FrancePhilip IV
6%
Names of Edward's children that were killedRichard of Shrewsbury
6%
Battle where the Earl of Warwick was defeated and Henry was reclaimedSecond Battle of St. Albans
6%
Edward's four sonsThomas, Duke of Gloucester
6%
What did Henry have after thisA mental breakdown
5%
Who had he secretly marriedA widow
4%
Who did Margaret want Richard replaced with, LancastrianDuke of Somerset
4%
What happened in the war in this yearLost
4%
What did Henry do to Richard's reforms after he came back to powerReversed them
4%
On what date did fighting begin22 May 1455
3%
Battle where the Lancastrians captured HenryBattle of Northampton
3%
Who then supported Edward's reclamation of the throneCharles of Burgundy
3%
Towns claimed by the invadersKent
3%
What happened to Henry after the battleAnother mental breakdown
2%
What did Richard II then do to both of themBanish them
2%
What did Henry do to the murdererChallenge him to a duel
2%
What did Richard withhold from Henry in 1399 after John's deathHis inheritance
2%
Who had the backing of public approvalThe invaders
2%
Date of Henry's murder21 May
1%
What was the date of his coronation28 June 1461
1%
What did Henry then do as a resultDepose Richard
1%
How was Henry as a KingExtremely incompetent
1%
Important member of the groupHenry, Duke of Lancaster
1%
Who would be the next kingRichard's heir
1%
Who killed Thomas on Richard's behalfThomas de Mowbray
1%

Score Distribution

Percentile by Number Answered

Percent of People with Each Score

Your Score History

You have not taken this quiz